[Event "Wch U18 Girls blitz"]
[White "Mihelic, Vesna"]
[Black "Yagutian, Mariya"]
[Site "Batumi"]
[Round "9"]
[Result "1/2-1/2"]
[Date "2023.06.11"]
[WhiteElo "1905"]
[BlackElo "1747"]
[PlyCount "108"]
[EventDate "2023.06.10"]
[EventType "swiss (blitz)"]
[EventRounds "11"]
[EventCountry "GEO"]
[SourceTitle "EXT 2024"]
[Source "ChessBase"]
[SourceDate "2023.10.10"]
[SourceVersion "1"]
[SourceVersionDate "2023.10.10"]
[SourceQuality "1"]
[WhiteTeam "Slovenia"]
[BlackTeam "Russia"]
[WhiteTeamCountry "SLO"]
[BlackTeamCountry "RUS"]

1. e4 e6 2. d4 d5 3. exd5 exd5 4. Bd3 Nc6 5. c3 Bd6 6. Nf3 Nge7 7. 0-0 0-0 8. Nbd2 Bf5 9. Qc2 Bxd3 10. Qxd3 Ng6 11. Nb3 Qd7 12. Nc5 Bxc5 13. dxc5 Rad8 14. Qb5 b6 15. cxb6 axb6 16. Be3 Nce5 17. Qxd7 Nxf3+ 18. gxf3 Rxd7 19. Rad1 c5 20. b4 cxb4 21. cxb4 Rd6 22. Bd4 Ra8 23. Rd2 h6 24. Rc1 Ra4 25. Rb2 Ra3 26. Rc8+ Kh7 27. Rc3 Ra8 28. b5 Re8 29. Kf1 Nf4 30. Rc6 Ree6 31. Rxd6 Rxd6 32. Be5 Nd3 33. Bxd6 Nxb2 34. Bc7 Nc4 35. a4 Kg6 36. Ke2 Kf5 37. Kd3 Ke6 38. Kd4 Nd2 39. a5 Nb3+ 40. Kc3 Nxa5 41. Bxb6 Nc4 42. Bd4 Kd6 43. Bxg7 h5 44. Bf8+ Kc7 45. Kb4 Ne5 46. f4 Nd3+ 47. Kc3 Nxf4 48. Bc5 Ne6 49. Be3 f5 50. f4 Kb7 51. Kb4 h4 52. h3 Kc7 53. Bd2 Kb7 54. Be3 Kc7 1/2-1/2

[Event "Wch U18 Girls blitz"]
[White "Gasparyan, Milena"]
[Black "Yagutian, Mariya"]
[Site "Batumi"]
[Round "6"]
[Result "0-1"]
[Date "2023.06.10"]
[WhiteElo "1690"]
[BlackElo "1747"]
[PlyCount "90"]
[EventDate "2023.06.10"]
[EventType "swiss (blitz)"]
[EventRounds "11"]
[EventCountry "GEO"]
[SourceTitle "EXT 2024"]
[Source "ChessBase"]
[SourceDate "2023.10.10"]
[SourceVersion "1"]
[SourceVersionDate "2023.10.10"]
[SourceQuality "1"]
[WhiteTeam "Armenia"]
[BlackTeam "Russia"]
[WhiteTeamCountry "ARM"]
[BlackTeamCountry "RUS"]

1. Nf3 Nf6 2. b3 g6 3. Bb2 Bg7 4. e3 d6 5. d4 0-0 6. Be2 Bf5 7. 0-0 a5 8. a4 Na6 9. c4 c5 10. Nbd2 Nb4 11. Nh4 Bc2 12. Qc1 Bd3 13. Bxd3 Nxd3 14. Qc2 Nxb2 15. Qxb2 cxd4 16. exd4 Qb6 17. Nhf3 Nh5 18. Rad1 Nf4 19. Ne4 Rfc8 20. g3 Ne6 21. Nc3 Nc7 22. Rfe1 Re8 23. Ne4 Ne6 24. Neg5 Nxg5 25. Nxg5 Rac8 26. Ne4 Red8 27. Re2 d5 28. cxd5 Rxd5 29. Rc2 Rcd8 30. Rcd2 Bxd4 31. Qc2 e6 32. Qc4 Bxf2+ 33. Nxf2 Rxd2 34. Rxd2 Rxd2 35. Qc8+ Kg7 36. Qc3+ Qd4 37. Qxd4+ Rxd4 38. Kf1 Rb4 39. Nd3 Rxb3 40. Nc5 Rb4 41. Ke2 b6 42. Nd7 Rxa4 43. Nxb6 Ra2+ 44. Kf3 Rxh2 45. Nc4 a4 0-1

[Event "Wch U18 Girls blitz"]
[White "Yagutian, Mariya"]
[Black "Lomaia, Diana"]
[Site "Batumi"]
[Round "3"]
[Result "0-1"]
[Date "2023.06.10"]
[WhiteElo "1747"]
[BlackElo "1957"]
[PlyCount "74"]
[EventDate "2023.06.10"]
[EventType "swiss (blitz)"]
[EventRounds "11"]
[EventCountry "GEO"]
[SourceTitle "EXT 2024"]
[Source "ChessBase"]
[SourceDate "2023.10.10"]
[SourceVersion "1"]
[SourceVersionDate "2023.10.10"]
[SourceQuality "1"]
[WhiteTeam "Russia"]
[BlackTeam "Georgia"]
[WhiteTeamCountry "RUS"]
[BlackTeamCountry "GEO"]

1. d4 Nf6 2. c4 e6 3. Nf3 b6 4. e3 Bb7 5. Bd3 d5 6. cxd5 exd5 7. 0-0 Bd6 8. b3 0-0 9. Bb2 Qe7 10. Ne5 Nbd7 11. f4 Ne4 12. Rf3 f6 13. Nxd7 Qxd7 14. Rh3 f5 15. Nd2 Nxd2 16. Qxd2 g6 17. Qf2 Be7 18. Rc1 a5 19. a4 Rf7 20. Bb5 c6 21. Bd3 b5 22. Qe2 Ba6 23. Bc3 Bd8 24. Rg3 Qb7 25. Qh5 Rg7 26. Qh6 bxa4 27. Bxa6 Qxa6 28. bxa4 Rb8 29. h4 Qe2 30. Rf3 Rb3 31. Re1 Qc2 32. Ba1 Rb1 33. Rff1 Rxe1 34. Rxe1 Qd2 35. Kf1 Be7 36. h5 Bh4 37. Rb1 Qf2# 0-1

[Event "Wch U18 Girls rapid"]
[White "Omonova, Umida"]
[Black "Yagutian, Mariya"]
[Site "Batumi"]
[Round "10"]
[Result "1/2-1/2"]
[Date "2023.06.08"]
[WhiteElo "2147"]
[BlackElo "1769"]
[PlyCount "92"]
[EventDate "2023.06.06"]
[EventType "swiss (rapid)"]
[EventRounds "11"]
[EventCountry "GEO"]
[SourceTitle "CBM 214 Extra"]
[Source "ChessBase"]
[SourceDate "2023.07.31"]
[SourceVersion "1"]
[SourceVersionDate "2023.07.31"]
[SourceQuality "1"]

1. e4 e6 2. d4 d5 3. Nd2 c5 4. exd5 Qxd5 5. Ngf3 Nf6 6. Bc4 Qh5 7. 0-0 Nc6 8. Nb3 cxd4 9. Nbxd4 Bd7 10. Nb5 Rc8 11. Nd6+ Bxd6 12. Qxd6 Ne4 13. Qf4 Nf6 14. c3 0-0 15. Re1 Qc5 16. Be3 Qe7 17. Rad1 Na5 18. Bf1 b6 19. Ne5 Rfd8 20. Ba6 Nd5 21. Qg3 Nxe3 22. Rxe3 Be8 23. Red3 Rxd3 24. Qxd3 Ra8 25. h3 Nc6 26. Nxc6 Bxc6 27. Qd6 Qxd6 28. Rxd6 Be8 29. Kf1 Kf8 30. Ke2 Ke7 31. Rd2 Bc6 32. g3 Bg2 33. h4 Bd5 34. Bd3 Bxa2 35. b4 Bd5 36. c4 Bb7 37. Rc2 Kd6 38. Ke3 a5 39. c5+ bxc5 40. bxc5+ Kc7 41. Ra2 a4 42. Ra3 Ra5 43. Kd4 e5+ 44. Kxe5 Rxc5+ 45. Kd4 Ra5 46. Bxh7 g6 1/2-1/2

[Event "Cheliabinsk Lozovatsky Memorial-B"]
[White "Vifleemskaia, Svetlana"]
[Black "Yagutian, Mariya"]
[Site "Cheliabinsk"]
[Round "6"]
[Result "1/2-1/2"]
[Date "2023.02.01"]
[WhiteElo "1947"]
[BlackElo "1783"]
[PlyCount "112"]
[EventDate "2023.01.27"]
[EventType "swiss"]
[EventRounds "10"]
[EventCountry "RUS"]
[SourceTitle "CBM 212 Extra"]
[Source "ChessBase"]
[SourceDate "2023.03.31"]
[SourceVersion "1"]
[SourceVersionDate "2023.03.31"]
[SourceQuality "1"]

1. e4 e6 2. d4 d5 3. e5 c5 4. c3 Nc6 5. Nf3 Nge7 6. Na3 cxd4 7. cxd4 Nf5 8. Nc2 Nh4 9. Bd2 Nxf3+ 10. Qxf3 Qb6 11. Bc3 Bd7 12. a3 Na5 13. Bd3 Bb5 14. 0-0 Be7 15. Rfd1 Rc8 16. Bxb5+ Qxb5 17. Bxa5 Qxa5 18. Qb3 0-0 19. Ne3 Rc7 20. Rac1 Rfc8 21. Rxc7 Rxc7 22. g3 Qa6 23. Qd3 Qxd3 24. Rxd3 Bg5 25. f4 Be7 26. Kf2 f6 27. Ke2 fxe5 28. dxe5 Bc5 29. Nf1 Bb6 30. Kd2 Kf7 31. h3 Ba5+ 32. b4 Bb6 33. Nh2 Rc4 34. Nf3 h6 35. f5 a5 36. bxa5 Bxa5+ 37. Ke3 Re4+ 38. Kf2 Bb6+ 39. Kf1 Re3 40. Rxe3 Bxe3 41. g4 exf5 42. gxf5 g6 43. Nh4 gxf5 44. Nxf5 Bc1 45. Nd6+ Ke6 46. Nxb7 Bxa3 47. Nd8+ Kd7 48. Nf7 Bc1 49. Ke2 Ke6 50. Nd6 Kxe5 51. Nb5 Bb2 52. Kf3 d4 53. Nxd4 Bxd4 54. h4 Kf5 55. h5 Kg5 56. Kg2 Kxh5 1/2-1/2

[Event "Cheliabinsk Lozovatsky Memorial-B"]
[White "Yagutian, Mariya"]
[Black "Usacheva, Glafira"]
[Site "Cheliabinsk"]
[Round "5"]
[Result "1/2-1/2"]
[Date "2023.01.31"]
[WhiteElo "1783"]
[BlackElo "1879"]
[PlyCount "123"]
[EventDate "2023.01.27"]
[EventType "swiss"]
[EventRounds "10"]
[EventCountry "RUS"]
[SourceTitle "CBM 212 Extra"]
[Source "ChessBase"]
[SourceDate "2023.03.31"]
[SourceVersion "1"]
[SourceVersionDate "2023.03.31"]
[SourceQuality "1"]

1. d4 Nf6 2. Nf3 d5 3. e3 c5 4. b3 Nc6 5. Bd3 cxd4 6. exd4 g6 7. 0-0 Bg7 8. Bb2 0-0 9. a3 Rb8 10. Re1 b5 11. Nbd2 Qb6 12. Ne5 Nxe5 13. dxe5 Ne8 14. h3 Nc7 15. Nf3 Ne6 16. Qd2 a6 17. b4 Bb7 18. Bf1 Rbc8 19. Nd4 Nxd4 20. Bxd4 Qc7 21. c3 f6 22. exf6 Bxf6 23. Re6 Rf7 24. Bc5 Rcf8 25. Rae1 Re8 26. Be2 Bc8 27. Bg4 Kg7 28. Rxf6 Rxf6 29. Bxc8 Qxc8 30. Qxd5 Qf5 31. Qxf5 Rxf5 32. Re6 Rf6 33. Rxe7+ Rxe7 34. Bxe7 Re6 35. Bc5 Re1+ 36. Kh2 Kf7 37. Kg3 Ra1 38. Kf4 Rxa3 39. Bd4 h6 40. Ke5 Ke7 41. Kd5 Ra2 42. Kc6 Ke6 43. Be3 g5 44. Bd4 Kf5 45. Kb7 Ke4 46. Bg7 h5 47. Bd4 Kd3 48. g4 h4 49. Bf6 Rxf2 50. Bxg5 Kxc3 51. Bxh4 Rf7+ 52. Kxa6 Kxb4 53. Bg3 Kc4 54. h4 b4 55. g5 Kd4 56. h5 b3 57. g6 Rg7 58. Bh4 Ke5 59. Be1 Kf5 60. Bc3 Rg8 61. Kb5 Kg5 62. Ka4 1/2-1/2

[Event "Cheliabinsk Panchenko Memorial op-B"]
[White "Yagutian, Mariya"]
[Black "Bulatova, Kamaliya"]
[Site "Cheliabinsk"]
[Round "9"]
[Result "0-1"]
[Date "2022.09.20"]
[WhiteElo "1665"]
[BlackElo "2139"]
[PlyCount "78"]
[EventDate "2022.09.12"]
[EventType "swiss"]
[EventRounds "10"]
[EventCountry "RUS"]
[SourceTitle "CBM 210 Extra"]
[Source "ChessBase"]
[SourceDate "2022.11.30"]
[SourceVersion "1"]
[SourceVersionDate "2022.11.30"]
[SourceQuality "1"]

1. d4 d5 2. c4 c6 3. Nf3 e6 4. Qc2 f5 5. Bf4 Nf6 6. e3 Bb4+ 7. Nc3 Ne4 8. Bd3 Nd7 9. Rc1 0-0 10. h3 Qe7 11. c5 g5 12. Bh2 Qg7 13. Ne5 Nexc5 14. Be2 Ne4 15. Bf3 Bd6 16. Nd3 Bxh2 17. Rxh2 Qh6 18. g4 Qh4 19. gxf5 exf5 20. Ke2 Kh8 21. Rg1 b6 22. Ne1 Ba6+ 23. Kd1 Qh6 24. Qa4 Nxc3+ 25. bxc3 Bb5 26. Qb4 a5 27. Qe7 Nf6 28. Rhg2 Rae8 29. Qc7 Rg8 30. Qxb6 Rb8 31. Qc7 Ba4+ 32. Kc1 Qf8 33. Nc2 Rg7 34. Qxa5 Bxc2 35. Kxc2 Ra8 36. Qb4 Rxa2+ 37. Kd3 Qa8 38. Qb6 Rb7 39. Qxc6 Rd2+ 0-1

[Event "Amazons Pride Blitz"]
[White "Yagutian, Mariya"]
[Black "Tazetdinova, Adelya"]
[Site "Chess.com INT"]
[Round "9"]
[Result "0-1"]
[Date "2021.10.23"]
[WhiteElo "1713"]
[BlackElo "1451"]
[PlyCount "80"]
[EventDate "2021.10.23"]
[EventType "swiss (blitz)"]
[EventRounds "9"]
[EventCountry "USA"]
[SourceTitle "CBM 204 Extra"]
[Source "ChessBase"]
[SourceDate "2021.11.30"]
[SourceVersion "1"]
[SourceVersionDate "2021.11.30"]
[SourceQuality "1"]

1. d4 f5 2. c4 Nf6 3. Nc3 g6 4. Bg5 Bg7 5. Qd2 h6 6. Bf4 g5 7. Be5 d6 8. Bxf6 Bxf6 9. e4 f4 10. Nf3 Nc6 11. h3 e5 12. dxe5 Nxe5 13. Nxe5 Bxe5 14. Be2 Be6 15. Bh5+ Bf7 16. Bxf7+ Kxf7 17. Qd5+ Kg7 18. 0-0-0 c6 19. Qd3 Qe7 20. g3 Rab8 21. Ne2 Qf6 22. Rd2 b5 23. c5 Rhd8 24. gxf4 Bxf4 25. Nxf4 gxf4 26. cxd6 c5 27. Rg1+ Kh8 28. Qd5 Rb6 29. e5 Qf5 30. f3 c4 31. Rdg2 Rbb8 32. Qc5 c3 33. Qxc3 Rbc8 34. Rc2 Rxc3 35. Rxc3 Qxe5 36. Rc7 Qxd6 37. Rxa7 Qd2+ 38. Kb1 Qd3+ 39. Ka1 Qd1+ 40. Rxd1 Rxd1# 0-1

[Event "Moscow op (Women) 17th"]
[White "Yagutian, Mariya"]
[Black "Mikheeva, Galina"]
[Site "Moscow"]
[Round "5"]
[Result "0-1"]
[Date "2021.02.24"]
[WhiteElo "1691"]
[BlackElo "1873"]
[PlyCount "88"]
[EventDate "2021.02.20"]
[EventType "swiss"]
[EventRounds "9"]
[EventCountry "RUS"]
[SourceTitle "CBM 200 Extra"]
[Source "ChessBase"]
[SourceDate "2021.03.31"]
[SourceVersion "1"]
[SourceVersionDate "2021.03.31"]
[SourceQuality "1"]

1. d4 Nf6 2. Nf3 d5 3. e3 Bf5 4. Bd3 Bg6 5. 0-0 e6 6. b3 Bd6 7. Bb2 0-0 8. Ne5 Nbd7 9. f4 Bxe5 10. dxe5 Ne4 11. Nd2 Ndc5 12. Be2 Nxd2 13. Qxd2 Ne4 14. Qd1 Qh4 15. Bg4 Rfd8 16. f5 exf5 17. Bxf5 Qg5 18. Bxg6 Qxe3+ 19. Kh1 hxg6 20. Bd4 Qd2 21. Qxd2 Nxd2 22. Rf4 Rd7 23. a4 Ne4 24. Rd1 Ng5 25. Bb2 Ne6 26. Rh4 Rad8 27. Rd3 g5 28. Rg4 d4 29. h4 gxh4 30. Rxh4 Rd5 31. b4 g5 32. Re4 Kg7 33. Re1 Kg6 34. g3 c6 35. Kg2 b6 36. Rf3 c5 37. bxc5 bxc5 38. Rf6+ Kg7 39. Ref1 R8d7 40. R6f5 c4 41. Bc1 d3 42. cxd3 cxd3 43. Bxg5 d2 44. Rd1 Kg6 0-1

[Event "Minsk Kupreichik Memorial op"]
[White "Tyurin, Artem"]
[Black "Yagutian, Mariya"]
[Site "Minsk"]
[Round "6"]
[Result "1-0"]
[Date "2018.06.22"]
[WhiteElo "2021"]
[BlackElo "1489"]
[PlyCount "61"]
[EventDate "2018.06.21"]
[EventType "swiss (rapid)"]
[EventRounds "11"]
[EventCountry "BLR"]
[SourceTitle "CBM 185 Extra"]
[Source "ChessBase"]
[SourceDate "2018.07.29"]
[SourceVersion "1"]
[SourceVersionDate "2018.07.29"]
[SourceQuality "1"]

1. e4 e6 2. d4 d5 3. Nd2 c5 4. Ngf3 cxd4 5. Nxd4 Nc6 6. c3 Nf6 7. exd5 Nxd4 8. cxd4 Nxd5 9. Bd3 Nf4 10. Bb5+ Bd7 11. Bxd7+ Qxd7 12. Qf3 Qxd4 13. 0-0 Nd5 14. Ne4 Be7 15. Be3 Qe5 16. Rfd1 0-0 17. Bd4 Qf4 18. Qe2 a6 19. g3 Qh6 20. f4 Rac8 21. Rac1 Qg6 22. Be5 f6 23. Bd6 Bxd6 24. Nxd6 Nxf4 25. Qe3 Rxc1 26. Rxc1 e5 27. Qb3+ Kh8 28. Nf7+ Qxf7 29. Qxf7 Ne2+ 30. Kf2 Rd8 31. Kxe2 1-0

[Event "Minsk Kupreichik Memorial op"]
[White "Yagutian, Mariya"]
[Black "Mialik, Uladzislau"]
[Site "Minsk"]
[Round "5"]
[Result "1-0"]
[Date "2018.06.22"]
[WhiteElo "1489"]
[BlackElo "1804"]
[PlyCount "157"]
[EventDate "2018.06.21"]
[EventType "swiss (rapid)"]
[EventRounds "11"]
[EventCountry "BLR"]
[SourceTitle "CBM 185 Extra"]
[Source "ChessBase"]
[SourceDate "2018.07.29"]
[SourceVersion "1"]
[SourceVersionDate "2018.07.29"]
[SourceQuality "1"]

1. d4 g6 2. Nf3 Bg7 3. e4 d6 4. Nc3 Nf6 5. Be3 0-0 6. Qd2 Ng4 7. Bf4 e5 8. Bg5 Qd7 9. Nd5 f6 10. Bc4 Kh8 11. Bh4 c6 12. Nc3 Qe8 13. h3 Nh6 14. d5 c5 15. Nb5 Qd8 16. b4 a6 17. Na3 b5 18. Be2 c4 19. Nb1 Nf7 20. a4 Bb7 21. Nc3 Qd7 22. Qe3 f5 23. exf5 gxf5 24. Qb6 e4 25. Nd4 bxa4 26. Bxc4 Ne5 27. Be2 Rc8 28. Nxa4 Ng6 29. Bg3 f4 30. Bh2 a5 31. bxa5 Bxd5 32. Rd1 Qxa4 33. 0-0 Qxa5 34. Qxd6 Qd8 35. Qxd8+ Rxd8 36. Ne6 Rd7 37. Nc5 Rd8 38. Bc4 Ne7 39. Ne6 Rd7 40. Nc5 Rd8 41. Nxe4 Nbc6 42. Bxd5 Nxd5 43. c4 Nb6 44. Rd6 Rxd6 45. Nxd6 Ne5 46. c5 Nbd7 47. Bxf4 Rc8 48. Nxc8 Nxc5 49. Bxe5 Bxe5 50. Re1 Bf6 51. Nd6 Nd7 52. Nf5 h5 53. Rd1 Ne5 54. Rd6 Bg5 55. Rd5 Nf7 56. Nd6 Nxd6 57. Rxd6 Kh7 58. Rd5 Kg6 59. g3 Bf6 60. Rd6 Kg5 61. Kg2 Kf5 62. Kf3 Kg5 63. Ke4 Kg6 64. f4 Kg7 65. g4 hxg4 66. hxg4 Bb2 67. g5 Ba3 68. Rd7+ Kg6 69. Ra7 Bb2 70. Ra2 Bc3 71. Rg2 Bb4 72. f5+ Kg7 73. Kd5 Kf7 74. g6+ Kg7 75. Ke6 Bc3 76. Rc2 Bd4 77. Rc7+ Kg8 78. f6 Kh8 79. Rc8# 1-0

[Event "Wch U10 Girls"]
[White "Yagutian, Mariya"]
[Black "Kairbekova, Amina"]
[Site "Porto Carras"]
[Round "2"]
[Result "0-1"]
[Date "2015.10.26"]
[WhiteElo "1373"]
[BlackElo "1655"]
[PlyCount "40"]
[EventDate "2015.10.25"]
[EventType "swiss"]
[EventRounds "11"]
[EventCountry "GRE"]
[SourceTitle "CBM 169 Extra"]
[Source "ChessBase"]
[SourceDate "2015.12.18"]
[SourceVersion "1"]
[SourceVersionDate "2015.12.18"]
[SourceQuality "1"]

1. d4 Nf6 2. Nf3 c5 3. c4 g6 4. Nc3 d6 5. e4 Bg7 6. Be2 0-0 7. 0-0 Nbd7 8. Bf4 h6 9. h3 a6 10. a4 b6 11. Qd2 Kh7 12. Kh1 Bb7 13. g4 Ng8 14. g5 h5 15. Nh4 f6 16. Nf3 Ne5 17. gxf6 exf6 18. Bxe5 dxe5 19. Rg1 Qd7 20. Nh4 Qxh3# 0-1

[Event "Sunny Beach VIP op 1st"]
[White "Ferdov, Stavri"]
[Black "Yagutian, Mariya"]
[Site "Sunny Beach"]
[Round "2"]
[Result "1-0"]
[Date "2015.08.21"]
[WhiteElo "1740"]
[BlackElo "1340"]
[PlyCount "33"]
[EventDate "2015.08.20"]
[EventType "swiss"]
[EventRounds "7"]
[EventCountry "BUL"]
[SourceTitle "EXT 2016"]
[Source "ChessBase"]
[SourceDate "2015.10.08"]
[SourceVersion "1"]
[SourceVersionDate "2015.10.08"]
[SourceQuality "1"]

1. e4 e6 2. Nf3 d5 3. exd5 exd5 4. d4 Nc6 5. Be2 Nge7 6. h3 Nf5 7. Nc3 Bb4 8. 0-0 0-0 9. Bf4 Ba5 10. Bb5 Bb6 11. Bxc6 bxc6 12. Ne2 Re8 13. Re1 Ba6 14. c3 Qf6 15. Be5 Qe7 16. Qc2 Nh6 17. Ng3 1-0